00189nam a2200073Ia 4500008004100000082000800041100001400049245005200063240331s9999 xx 000 0 und d bWAT aWatson, J 2aA dictionary of communication and media studies